|
|
|
|
| LEADER |
01953nam a2200541 a 4500 |
| 001 |
nkc20051533825 |
| 003 |
CZ PrNK |
| 005 |
20101214145131.0 |
| 007 |
ta |
| 008 |
050506s2008 xr a f 000 0 cze |
| 015 |
|
|
|a cnb001533825
|
| 020 |
|
|
|a 978-80-247-1411-0
|q (brož.)
|z 80-247-1411-6
|
| 035 |
|
|
|a (OCoLC)316672994
|
| 040 |
|
|
|a OLA001
|b cze
|d ABA001
|
| 072 |
|
7 |
|a 613.7
|x Zdraví a hygiena volného času, rekreace a spánku
|2 Konspekt
|9 20
|
| 080 |
|
|
|a 613.81/.84
|2 MRF
|
| 080 |
|
|
|a 159.97
|2 MRF
|
| 080 |
|
|
|a 616.89-008.48
|2 MRF
|
| 080 |
|
|
|a 616
|2 MRF
|
| 080 |
|
|
|a 616-08
|2 MRF
|
| 080 |
|
|
|a (048.8)
|2 MRF
|
| 100 |
1 |
|
|a Kalina, Kamil,
|d 1945-
|7 mzk2002113206
|4 aut
|
| 245 |
1 |
0 |
|a Základy klinické adiktologie /
|c Kamil Kalina a kolektiv
|
| 250 |
|
|
|a Vyd. 1.
|
| 260 |
|
|
|a Praha :
|b Grada,
|c 2008
|
| 300 |
|
|
|a 388 s. :
|b il. ;
|c 24 cm
|
| 490 |
1 |
|
|a Psyché
|
| 504 |
|
|
|a Obsahuje bibliografie a bibliografické odkazy
|
| 650 |
0 |
7 |
|a adiktologie
|7 ph433479
|2 czenas
|
| 650 |
0 |
7 |
|a patologické závislosti
|7 ph123998
|2 czenas
|
| 650 |
0 |
7 |
|a drogová závislost
|7 ph117184
|2 czenas
|
| 650 |
0 |
7 |
|a klinické lékařství
|7 ph121639
|2 czenas
|
| 650 |
0 |
7 |
|a terapie
|7 ph116435
|2 czenas
|
| 650 |
0 |
9 |
|a adictology
|2 eczenas
|
| 650 |
0 |
9 |
|a pathological dependences
|2 eczenas
|
| 650 |
0 |
9 |
|a drug dependence
|2 eczenas
|
| 650 |
0 |
9 |
|a clinical medicine
|2 eczenas
|
| 650 |
0 |
9 |
|a therapy
|2 eczenas
|
| 655 |
|
7 |
|a monografie
|7 fd132842
|2 czenas
|
| 655 |
|
9 |
|a monographs
|2 eczenas
|
| 830 |
|
0 |
|a Psyché (Grada)
|0 s
|
| 856 |
4 |
1 |
|u http://www.digitalniknihovna.cz/mzk/uuid/uuid:965bc6f0-f6da-11e7-a97b-005056827e51
|y Digitalizovaný dokument
|x NDK
|
| 910 |
2 |
|
|a BOA001
|b 2-1253.129
|
| 990 |
|
|
|a BK
|
| 995 |
|
|
|a 01
|
| 991 |
|
|
|b 201012
|c NOV
|e n
|
| 996 |
6 |
|
|b 2610455238
|c 2-1253.129
|l MZK
|r Sklad / do 1 hodiny
|n 92
|p kup
|w 001158298
|u 000010
|a 1
|e BOA001
|j MZK50
|s P
|
| 996 |
7 |
|
|b 2610836544
|c 2-1253.129
|l MZK
|r Sklad / do 1 hodiny
|n 18
|p dar
|w 001158298
|u 000020
|a 1
|e BOA001
|j MZK50
|s A
|